Generic disaster management and reconstruction (Record no. 109909)

MARC details
000 -LEADER
fixed length control field 01164cam a22002655a 4500
001 - CONTROL NUMBER
control field E148142
008 - FIXED-LENGTH DATA ELEMENTS--GENERAL INFORMATION
fixed length control field 090804s2009 xxk f 000 0 eng d
020 ## - INTERNATIONAL STANDARD BOOK NUMBER
International Standard Book Number 9781842194973
035 ## - SYSTEM CONTROL NUMBER
System control number (Sirsi) u148142
041 0# - LANGUAGE CODE
Language code of text/sound track or separate title eng
050 04 - LIBRARY OF CONGRESS CALL NUMBER
Classification number 658.477 $2 20
100 1# - MAIN ENTRY--PERSONAL NAME
Personal name Fleming, Andrew
245 00 - TITLE STATEMENT
Title Generic disaster management and reconstruction
Remainder of title process protocol
260 ## - PUBLICATION, DISTRIBUTION, ETC.
Place of publication, distribution, etc. London
Name of publisher, distributor, etc. RICS
Place of publication, distribution, etc. Salford
Name of publisher, distributor, etc. University of Salford
Date of publication, distribution, etc. 2009
300 ## - PHYSICAL DESCRIPTION
Extent v, 100p.
Other physical details spiral bound
Dimensions 21cm. +
Accompanying material 1 CD
505 2# - FORMATTED CONTENTS NOTE
Formatted contents note Executive summary -- Foreword -- Glossary -- Section 1, introduction -- Section 2, process map and key principles -- Section 3, process management and organisation -- Section 4, activity cluster description -- Section 5, process protocol phases desctription -- Section 6, deliverables description -- Appendices
520 ## - SUMMARY, ETC.
Summary, etc. Sets out a brief, structured overview of the disaster management process and related reconstruction activities, for use at field level.
521 ## - TARGET AUDIENCE NOTE
Target audience note Advanced
590 ## - LOCAL NOTE (RLIN)
Local note KA
651 #4 - SUBJECT ADDED ENTRY--GEOGRAPHIC NAME
Geographic name International
690 ## - LOCAL SUBJECT ADDED ENTRY--TOPICAL TERM (OCLC, RLIN)
Topical term or geographic name as entry element BUILT ENVIRONMENT-CONSTRUCTION MANAGEMENT
700 1# - ADDED ENTRY--PERSONAL NAME
Personal name Lee, Angela
700 1# - ADDED ENTRY--PERSONAL NAME
Personal name Brandon, Peter
942 ## - ADDED ENTRY ELEMENTS (KOHA)
Suppress in OPAC 0
Holdings
Withdrawn status Lost status Source of classification or shelving scheme Damaged status Not for loan Home library Current library Shelving location Date acquired Total Checkouts Full call number Barcode Date last seen Copy number Price effective from Koha item type
    Dewey Decimal Classification     London London RICS Boxes 06/06/2011   RICS 2009/49 30076903 06/08/2019 1 06/08/2019 Archive
    Dewey Decimal Classification     London London RICS Boxes 06/06/2011   RICS 2009/49 30076899 06/08/2019 3 06/08/2019 Book
    Dewey Decimal Classification     London London RICS Boxes 17/01/2012   RICS 2009/49 30077138 06/08/2019 4 06/08/2019 Book